000 00617nam a2200181 a 4500
001 000043399
005 20201002040859.0
008 140313s1972 sp 000 0 spa d
040 _aDO-SdBNP
_bspa
_cBNPHU
100 1 _aChomsky, Noam
_944916
245 1 0 _aConocimiento y Libertad /
_cNoam Chomsky ; prólogo y notas de Carlos-Peregrín Otero.
260 _aBarcelona :
_bAriel,
_c1972.
300 _a187 p. ;
_c18 cm.
490 1 _aAriel Quincenal
_v70
504 _aIncluye referencias bibliográficas y notas al pie de las páginas
700 1 2 _aOtero, Carlos P.
_eed.
_971059
830 0 _aAriel Quincenal
_v70
_95048
999 _c42888
_d42888